000 01104cam a2200313 i 4500
999 _c7885
_d7885
001 7885
003 BD-JhCC
005 20180215094020.0
008 791220s1979 caua b 001 0 eng
020 _a0804710007
035 _a(BD-JhCC)7885
040 _aDLC
_cDLC
_dDLC
_dBD-JhCC
041 _aeng
050 0 0 _aHN183.5
_b.D87
082 0 0 _a972.8
_bDUR 1979
100 1 _aDurham, William H.
245 1 0 _aScarcity and survival in Central America :
_becological origins of the soccer war /
_cWilliam H. Durham.
260 _aStanford, Calif. :
_bStanford University Press,
_c1979.
300 _axvii, 209 p. :
_bill. ;
_c23 cm.
500 _aIncludes index.
504 _aBibliography: p. [189]-202.
650 0 _aEl Salvador-Honduras Conflict, 1969.
651 0 _aEl Salvador
_xRural conditions.
651 0 _aHonduras
_xRural conditions.
856 4 2 _3Contributor biographical information
_uhttp://www.loc.gov/catdir/enhancements/fy1208/78055318-b.html
856 4 2 _3Publisher description
_uhttp://www.loc.gov/catdir/enhancements/fy1208/78055318-d.html
942 _2ddc
_cBK